Statistics for South Carolina Quiz

Click here to take the quiz!

General Stats

  • This quiz has been taken 6 times
  • The average score is 4 of 14

Answer Stats

HintAnswer% Correct
Capital.Columbia
100%
Nickname.Palmetto State
83%
Abbreviation.SC
67%
Coldest Month.July
50%
Hottest Month.January
33%
Statehood.1776
17%
Mountains.Appalachians
17%
Most Populated City.Charleson
17%
Is The Birthplace Of:Submarines
17%
State Food.Barbecue
0%
State Bird.Carolina Wren
0%
State Tree.Sabal Palm
0%
State Animal.Whitetail Deer
0%
State Plant.Yellow Jessamine
0%

Score Distribution

Percentile by Number Answered

Percent of People with Each Score

Your Score History

You have not taken this quiz